| 000 | 01383 a2200385 4500 | ||
|---|---|---|---|
| 999 |
_c78223 _d25973 |
||
| 001 | 78223 | ||
| 003 | TR-AnTOB | ||
| 005 | 20230802104701.0 | ||
| 008 | 100211s2005 tu 000 0 tur | ||
| 020 | _a9750603761 | ||
| 040 |
_aDLC _aTR-AnTOB _cTR-AnTOB |
||
| 041 | _atur | ||
| 050 |
_aDS51.C38 _aB552005 _bBILç |
||
| 090 | _aDS51.C38 B55 2005 BILç | ||
| 100 |
_aBilgen, A. Nejat _964010 |
||
| 245 | 0 |
_aÇavlum : _bEskişehir/Alpu Ovası'nda bir Orta Tunç Çağı mezarlığı / _cA. Nejat Bilgen. |
|
| 264 | 1 |
_aEskişehir: _bAnadolu Üniversitesi, _c2005. |
|
| 300 |
_a226 p.,[92]p. of plates: _bill.; _c30 cm. |
||
| 336 |
_2rdacontent _atext _btxt |
||
| 337 |
_2rdamedia _aunmediated _bn |
||
| 338 |
_2rdacarrier _avolume _bnc |
||
| 490 | 0 |
_aAnadolu Üniversitesi Yayınları ; _v1668 _aEdebiyat Fakültesi Yayınları ; _v24 |
|
| 504 | _aIncludes bibliographical references. | ||
| 650 |
_aTombs _zTurkey _zÇavlum (Eskişehir) _964011 |
||
| 650 | 0 |
_aExcavations (Archaeology) _zTurkey _zÇavlum (Eskişehir) _964012 |
|
| 650 |
_aMezarlar _zTürkiye _zÇavlum (Eskişehir) _964013 |
||
| 650 |
_aKazılar (Arkeoloji) _zTürkiye _zÇavlum (Eskişehir) _964014 |
||
| 651 | 0 |
_aÇavlum (Turkey) _xAntiquities _964015 |
|
| 651 | 0 |
_aÇavlum (Türkiye) _xEski eserler _964016 |
|
| 902 | _a0013706 | ||
| 903 | _aMerkez Kütüphane | ||
| 942 |
_cBK _2lcc |
||
| 945 | _aÖD SA | ||